| 000 | 00000nam##2200000za#4500 |
| 001 | 9.611043 |
| 003 | CaOODSP |
| 005 | 20200327121432 |
| 007 | ta |
| 008 | 150406|1993||||xxc||||| f|0| 0 eng|d |
| 022 | |a0706-6457 |
| 040 | |aCaOODSP|beng |
| 043 | |an-cn--- |
| 086 | 1 |aFs97-6/1946E |
| 110 | 1 |aCanada. |bDepartment of Fisheries and Oceans. |
| 245 | 10|aReport on the assessments of groundfish stocks in the Canadian northwest Atlantic, May 4-14, 1993 / |cEdited by Alan Sinclair. |
| 260 | |aOttawa - Ontario : |bFisheries and Oceans Canada |c1993. |
| 300 | |av, 200p. : |bfigs., graphs, references, tables ; |c28 cm. |
| 490 | 1 |aCanadian technical report of fisheries and aquatic sciences|x0706-6457|v1946 |
| 500 | |aPrepared at the Gulf Fisheries Centre, Department of Fisheries and Oceans, P.O. Box 5030, Moncton, N.B. E1C 9B6. |
| 546 | |aRésumés en français |
| 563 | |aSoftcover |
| 690 | 07|aFisheries|2gcpds |
| 720 | 1 |aSinclair, Alan |
| 776 | 0#|tReport on the assessments of groundfish stocks in the Canadian northwest Atlantic, May 4-14, 1993 / |w(CaOODSP)9.573859 |
| 830 | #0|aCanadian technical report of fisheries and aquatic sciences,|x0706-6457|v1946|w(CaOODSP)9.514691 |